00659nam a2200157 a 4500020001800000041000800018100004000026245026600066260005400332300001000386440002700396650002400423650001700447650001100464650002600475 a9789584429247 aspa aAragón Rodríguez, Sandra Milena aCriterios para la liberación y evaluación de la efectividad de Encarsia formosa Gahan (Hymenoptera: Aphelinidae) para el control de la mosca blanca Trialeurodes vaporiorum (Westwood)(hemiptera: Aleyrodidae) en cultivos comerciales de tomate bajo invernadero aBogotábUniversidad Militar Nueva Granadac2007 a67 p. aTesis de Maestrían7 aControl biológico aMosca blanca aTomate aCultivo de hortalizas